• 首页
  • 本馆介绍
  • 公告通知
  • 最新文献
  • 馆藏检索
  • 电子资源
  • 读者导购
  • 参考咨询
  • 我的图书馆
  • 登录
  • 详细信息显示
  • 放入我的书架
  • 预约/预借图书
  • 作者相关作品
  • 分类相关作品
  • 丛书相关作品
  • 出版社相关作品

书目信息

  • 表格格式
  • 工作单格式
  • 卡片格式
题名:
朝阳花
    
 
作者: 马忆湘 著
分册:  
出版信息: 郑州   河南人民出版社  1976
页数: 78页
开本: 19cm
丛书名:
单 册:
中图分类: I287.2
科图分类:
主题词: 儿童文学-叙事诗--中国--现代 , 叙事诗-儿童文学--中国--现代
电子资源:
ISBN:
000 00629nam0 2200229 45
001 1536530692
005 20150124191942.68
010    @dCNY0.85
091    @aCN@b10105.110
100    @a19960123d1976 demy0chiy0121 ea
101 0  @achi
102    @aCN@b410000
105    @af z 000gy
200 10 @a朝阳花@Achao yang hua@f马忆湘著@Fma yi xiang zhu
210    @a郑州@c河南人民出版社@d1976
215    @a78页@c插图@d19cm
606    @a儿童文学-叙事诗@y中国@z现代
606    @a叙事诗-儿童文学@y中国@z现代
690    @aI287.2@v3
701  0 @a马忆湘@Ama yi xiang@4著
801  0 @aCN@bTSSF@c20150124
905    @aZUCC@dI247.51@eJY36
    
    朝阳花/马忆湘著.-郑州:河南人民出版社,1976
    78页:插图;19cm
    
    
    ISBN :CNY0.85
    
●
相关链接 在E读中查询图书 在五车中查询图书 在当当中查询图书 在豆瓣中查询图书


正题名:朝阳花     索取号:I247.51/JY36         预约/预借

序号 登录号 条形码 馆藏地/架位号 状态 备注
1 7842505   278425054   学院路分馆/ [索取号:I247.51/JY36] 在馆    
2 7852158   278521583   学院路分馆/ [索取号:I247.51/JY36] 在馆    
3 7852159   278521592   学院路分馆/ [索取号:I247.51/JY36] 在馆    
唐山师范学院图书馆 欢迎您!
大连网信软件有限公司© 版权所有